书目信息 |
| 题名: |
葛洪评传
|
|
| 作者: | 卢央 著 | |
| 分册: | ||
| 出版信息: | 南京 南京大学出版社 2011.04 |
|
| 页数: | 287页 | |
| 开本: | 23cm | |
| 丛书名: | 中国思想家评传丛书 | |
| 单 册: | ||
| 中图分类: | B235.75 | |
| 科图分类: | ||
| 主题词: | ||
| 电子资源: | ||
| ISBN: | 978-7-305-05948-3 | |
| 000 | 00869oam2 2200265 45 | |
| 001 | 7512 | |
| 005 | 20120531152129.73 | |
| 010 | @a978-7-305-05948-3@dCNY38.00 | |
| 100 | @a20120328d2011 em y0chiy50 ea | |
| 101 | 0 | @achi@deng@eeng |
| 102 | @aCN@b320000 | |
| 105 | @ay z 001yb | |
| 106 | @ar | |
| 200 | 1 | @a葛洪评传@AGe Hong Ping Chuan@f卢央著@FLu Yang Zhu |
| 210 | @a南京@c南京大学出版社@d2011.04 | |
| 215 | @a287页@d23cm | |
| 225 | 2 | @a中国思想家评传丛书@e典藏版 |
| 330 | @a本书着重讨论葛洪的长生成仙理论和他的学术思想,讨论了葛洪为修炼者建构的教学系统和主要的教学内容,并注意他与汉代扬雄、王充、张衡等在思想上前后相承。 | |
| 461 | 0 | @12001 @a中国思想家评传丛书 |
| 600 | 0 | @a葛洪@f(283-?)@x评传 |
| 600 | 0 | @a葛洪@f(283-?) |
| 690 | @aB235.75@v4 | |
| 701 | 0 | @a卢央@ALu Yang@4著 |
| 801 | 0 | @aCN@bTSTCL@c20120328 |
| 905 | @b0814838-40@dB235.75@e10@f3 | |
| 葛洪评传/卢央著.-南京:南京大学出版社,2011.04 |
| 287页;23cm.-(中国思想家评传丛书:典藏版) |
| ISBN 978-7-305-05948-3:CNY38.00 |
| 本书着重讨论葛洪的长生成仙理论和他的学术思想,讨论了葛洪为修炼者建构的教学系统和主要的教学内容,并注意他与汉代扬雄、王充、张衡等在思想上前后相承。 |
| ● |
| 相关链接 |
|
|
|
|
正题名:葛洪评传
索取号:B235.75/10
 
预约/预借
| 序号 | 登录号 | 条形码 | 馆藏地/架位号 | 状态 | 备注 |
| 1 | 0814838 | 208148388 | 第一样本阅览室/ [索取号:B235.75/10] | 在馆 | |
| 2 | 0814839 | 208148397 | 第一借阅区/ [索取号:B235.75/10] | 在馆 | |
| 3 | 0814840 | 208148404 | 第一借阅区/ [索取号:B235.75/10] | 在馆 |